Statistics for Election of 1820 Trivia

Click here to take the quiz!

General Stats

  • This quiz has been taken 13 times
    (12 since last reset)
  • The average score is 11 of 16

Answer Stats

HintAnswer% Correct
Only major candidate and
victor
James Monroe
100%
Their home stateVirginia
100%
Their partyDemocratic-Republican
88%
Their partyDemocratic-Republican
88%
Their home stateMassachusetts
88%
Alabama
75%
States in which this was their
first election
Illinois
75%
Only other candidate to win
electoral votes (Only 1)
John Quincy Adams
75%
Maine
75%
Mississippi
75%
Missouri
63%
State in which this vote was castNew Hampshire
63%
What year did the above get that
percentage
1936
50%
This was the last election in US
history in which the victor won
_____ _____
Every state
50%
What president came the closest
too getting an electoral vote share
as high as the victor
(98% too this elections 99.5%)
Franklin Delano Roosevelt
50%
Their running mateDaniel D Tompkins
25%

Score Distribution

Percentile by Number Answered

Percent of People with Each Score

Your Score History

You have not taken this quiz since the last reset